<?xml version="1.0" encoding="UTF-8"?>
<collection xmlns="http://www.loc.gov/MARC21/slim">
 <record>
  <leader>00474nab a2200157 i 4500</leader>
  <controlfield tag="001">bibPRO00000488</controlfield>
  <controlfield tag="008">060524s1997    xx                  hun  </controlfield>
  <datafield tag="040" ind1=" " ind2=" ">
   <subfield code="a">Sz1</subfield>
  </datafield>
  <datafield tag="041" ind1=" " ind2=" ">
   <subfield code="a">hun</subfield>
  </datafield>
  <datafield tag="100" ind1="1" ind2=" ">
   <subfield code="a">METKEN Günter</subfield>
  </datafield>
  <datafield tag="245" ind1="1" ind2="3">
   <subfield code="a">Az ember múzeuma, vagy ahol a művészet és tudomány újra találkoznak</subfield>
   <subfield code="c">METKEN Günter</subfield>
  </datafield>
  <datafield tag="695" ind1=" " ind2=" ">
   <subfield code="a">művelődéstörténet</subfield>
  </datafield>
  <datafield tag="695" ind1=" " ind2=" ">
   <subfield code="a">m&amp;amp;vészet &amp;amp; tudomány</subfield>
  </datafield>
  <datafield tag="695" ind1=" " ind2=" ">
   <subfield code="a">m&amp;amp;vészet</subfield>
  </datafield>
  <datafield tag="695" ind1=" " ind2=" ">
   <subfield code="a">tudomány</subfield>
  </datafield>
  <datafield tag="773" ind1="0" ind2=" ">
   <subfield code="t">Korunk. -</subfield>
   <subfield code="g">2 sz., 1997, 83-85 p.</subfield>
  </datafield>
 </record>
</collection>
